Ollantay/ (Registro nro. 9221)

Detalles MARC
000 -LEADER
fixed length control field 01120nam a2200193Ia 4500
005 - FECHA Y HORA DE LA ÚLTIMA TRANSACCIÓN
control field 20230909142450.0
008 - FIXED-LENGTH DATA ELEMENTS--GENERAL INFORMATION
fixed length control field 230906s9999 xx 000 0 und d
040 ## - CATALOGING SOURCE
Original cataloging agency UPAN
Transcribing agency Biblioteca San Vicente
Description conventions RCAA2
041 ## - LANGUAGE CODE
Language code of text/sound track or separate title spa
082 ## - DEWEY DECIMAL CLASSIFICATION NUMBER
Classification number 800
Item number P116o
año de publicación s.n.
100 ## - MAIN ENTRY--PERSONAL NAME
Personal name Pacheco Zegarra, Gabino
Relator code tr.
245 #0 - TITLE STATEMENT
Title Ollantay/
Statement of responsibility, etc Gabino Pacheco Zegarra
250 ## - EDITION STATEMENT
Edition statement 1° ed.
260 ## - PUBLICATION, DISTRIBUTION, ETC. (IMPRINT)
Place of publication, distribution, etc s.l.:
Date of publication, distribution, etc 1998?,
Name of publisher, distributor, etc s.n.
300 ## - PHYSICAL DESCRIPTION
Extent 50 p.;
Dimensions 24 cm.
505 ## - FORMATTED CONTENTS NOTE
Formatted contents note El general de los ejércitos Incas, Ollántay, se ha enamorado de la hija del inca Pachacútic, Rey del Cuzco, pero solamente otro inca puede casarse con ella. A pesar de ese obstáculo, el general decide pedir su mano. La madre de la princesa oculta sus amores y su boda secreta. El sumo sacerdote Willca Uma le revelará a Ollántay los peligros de la ira del Inca. A partir de aquí los amantes se deben separar y son obligados a refugiarse. Ella es encerrada en una casa de mujeres y Ollántay huye a la ciudad que lleva su nombre. Ollantaybo, en donde tendrá que defenderse del inca PachacúticE
650 ## - SUBJECT ADDED ENTRY--TOPICAL TERM
Source of heading or term LEMB
General subdivision Literatura clásica
942 ## - ADDED ENTRY ELEMENTS (KOHA)
Koha item type Libros
Source of classification or shelving scheme Dewey Decimal Classification
Existencias
Withdrawn status Lost status Source of classification or shelving scheme Damaged status Not for loan Collection code Home library Current library Date acquired Total Checkouts Full call number Barcode Date last seen Copy number Price effective from Koha item type
    Dewey Decimal Classification     Colección General Biblioteca UPAN San Vicente Biblioteca UPAN San Vicente 06/09/2023   800 P116o 12001860 06/09/2023 01 06/09/2023 Libros